000 00702cam a22002533a 4500
001 5605
003 PGUSA
005 20140828083122.0
008 040501s2004||||xxu|||||s|||||000 | eng d
040 _aPGUSA
_beng
042 _adc
050 4 _aQK
100 1 _aDarwin, Charles,
_d1809-1882
245 1 4 _aThe Power of Movement in Plants
_h[electronic resource] /
_cCharles Darwin
260 _bProject Gutenberg,
_c2004
506 _aPublic domain in the USA.
516 _aElectronic text
653 _aBotany
653 _aPlants -- Irritability and movements
653 _aGeotropism
830 0 _aProject Gutenberg
_v5605
856 4 0 _uhttp://www.gutenberg.org/ebooks/5605
942 _cEB
999 _c234934
_d234934